00398nam a2200157Ia 4500003000400000008004100004040001600045082001300061100002100074245003300095260004300128300001000171650001500181650002100196650002300217GCL140319s9999 xx 000 0 eng d aGCL / cGCL04a860bB C1 aBENEDETTI, MARIO10aCUENTOS / cBENEDETTI, MARIO a[S.N] : bA LIANZA EDITORIAL ، c1986 a288 P04aLITERATURE04aSPANISH LANGUAGE04aSPANISH LITERATURE